La novela romántica latinoamericana.
Αποθηκεύτηκε σε:
| Μορφή: | Άγνωστο |
|---|---|
| Γλώσσα: | Spanish |
| Έκδοση: |
Cuba :
Casa de las Américas,
1978.
|
| Θέματα: | |
| Ετικέτες: |
Προσθήκη ετικέτας
Δεν υπάρχουν, Καταχωρήστε ετικέτα πρώτοι!
|
MARC
| LEADER | 000000000a22000000004500 | ||
|---|---|---|---|
| 001 | 006712 | ||
| 041 | 0 | |a spa | |
| 082 | 0 | 4 | |a 863.085.099.8 |b N937n |
| 245 | 0 | 3 | |a La novela romántica latinoamericana. |
| 260 | 1 | |a Cuba : |b Casa de las Américas, |c 1978. | |
| 300 | |a 576 páginas ; |c 21 cm. | ||
| 500 | |a Serie Valoración múltiple. Casa de las Américas-- Otro título: Recopilación de textos sobre la novela romántica latinoamericana | ||
| 650 | 4 | |a LITERATURA LATINOAMERICANA | |
| 650 | 4 | |a NOVELA | |
| 650 | 4 | |a HISTORIA Y CRITICA | |
| 650 | 4 | |a ROMANTICISMO | |
| 650 | 4 | |a SIGLO XIX | |
| 999 | |c 12157 |d 12157 | ||
| 942 | |c BK |h 863.085.099.8 N937n |2 z | ||
